000 00414pab a2200169 454500
008 180718b2009 xxu||||| |||| 00| 0 eng d
100 _aUmdor, S.
245 _aAn assessment of SHGs under SGSY programme: evidence from Meghalaya
260 _c2009
300 _ap.311-25.
362 _aAug
650 _aSelf help
700 _aPanda, B.
773 _aAsian Economic Review
908 _aN
909 _a84181
999 _c84181
_d84181